Líneas EMT Valencia - Estadísticas

Estadísticas generales
  • Esta prueba ha sido intentada 99 veces
  • La puntuación promedio es 31 de 87
Estadísticas de respuestas
Línea Parada % Correcto
67 2309 - Bailén - Estació del Nord
67%
40 2278 - Estació del Nord - Marqués de Sotelo
65%
81 2278 - Estació del Nord - Marqués de Sotelo
65%
9 2312 - Sant Pau - Estació del Nord
65%
73 2312 - Sant Pau - Estació del Nord
65%
94 2307 - Campanar - General Avilés (illeta)
61%
4 1585 - Natzaret
57%
30 1585 - Natzaret
57%
10 1240 - Benimaclet - Lliri Blau
54%
14 2279 - Marqués de Sotelo - Plaça de l'Ajuntament
54%
35 2279 - Marqués de Sotelo - Plaça de l'Ajuntament
54%
4 2403 - Plaça de l'Ajuntament - Ateneu
54%
32 2403 - Plaça de l'Ajuntament - Ateneu
54%
11 1229 - Els Orriols - Metro Sant Miquel dels Reis
52%
64 1824 - Benicalap - Joan XXIII
52%
8 1946 - Bulevard Sud (imparell) - Hospital La Fe
52%
64 1946 - Bulevard Sud (imparell) - Hospital La Fe
52%
6 1964 - Bulevard Sud (parell) - Hospital La Fe
52%
70 2030 - Alboraia
52%
13 2250 - Porta de la Mar - Navarro Reverter (parell)
52%
23 2251 - Porta de la Mar - Navarro Reverter (imparell)
52%
24 2253 - Porta de la Mar - General Palanca
52%
25 2253 - Porta de la Mar - General Palanca
52%
8 2255 - Porta de la Mar - Glorieta
52%
25 2186 - El Perelló
48%
27 586 - La Torre
48%
98 2229 - Estació del Cabanyal
46%
98 487 - Cid - Pere Maria Orts
46%
63 1145 - Campus de Burjassot
43%
71 1366 - La Llum
43%
72 1936 - Sant Isidre
43%
73 1936 - Sant Isidre
43%
93 488 - Avinguda del Cid
43%
32 1162 - Passeig Marítim - Mendizábal
41%
16 2014 - Poeta Querol - Teatre Principal
41%
26 2014 - Poeta Querol - Teatre Principal
41%
60 2085 - Torrefiel
41%
99 2230 - Palau de Congressos
41%
31 2248 - La Patacona - Institut
41%
27 2288 - Mercat Central - Beata
41%
95 504 - Tres Creus (imparell) - Hospital General
41%
81 1210 - Blasco Ibáñez - Serradora
39%
10 1440 - Sant Marcel·lí
39%
11 2380 - Patraix
39%
16 2391 - Vinalesa - Plaça d'Ausiàs March
37%
93 2271 - Passeig Marítim - Hospital Malva-rosa
35%
98 2271 - Passeig Marítim - Hospital Malva-rosa
35%
12 1326 - Ciutat de l'Artista Faller
33%
28 1326 - Ciutat de l'Artista Faller
33%
95 2263 - La Marina - Metro Neptú
33%
31 2284 - Estació Joaquín Sorolla
33%
94 2324 - França - Camí Fondo del Grao
33%
30 1382 - Hospital Clínic - Facultat Medicina
30%
70 500 - La Fontsanta
30%
26 2105 - Montcada - Alfara
28%
62 2289 - Avinguda de l'Oest - Roger de Flor
28%
7 2290 - Avinguda de l'Oest - Hospital
28%
18 2320 - Hospital Doctor Peset - Primer de Maig
28%
14 2376 - Castellar-L'Oliveral - Doctor Ruiz i Comes
28%
9 585 - Forn d'Alcedo
28%
23 585 - Forn d'Alcedo
28%
67 1657 - Nou Campanar - Hospital Arnau de Vilanova
24%
7 1940 - Fonteta de Sant Lluís
24%
13 1940 - Fonteta de Sant Lluís
24%
C1 2277 - Xativa - Institut Lluís Vives
24%
28 2277 - Xàtiva - Institut Lluís Vives
24%
72 2277 - Xàtiva - Institut Lluís Vives
24%
63 2359 - Bailén - Ermita
24%
C2 691 - Plaça d'Espanya - Ermita
24%
12 764 - Plaça d'América - Pont d'Aragó
24%
C3 231 - Eduard Boscà - Balears
22%
C3 1265 - Conselleria d'Educació
15%
18 1949 - Universitats - Facultat de Magisteri
15%
60 1520 - Sant Agustí
13%
92 1546 - La Malva-rosa - Gran Canària
13%
C2 166 - Blasco Ibáñez - Facultat de Geografia
13%
99 1751 - La Malva-rosa - Mendizábal
13%
19 18 - La Malva-rosa - Cavite
13%
40 1282 - Universitats - Facultat de Ciències Socials
11%
71 1282 - Universitats - Facultat de Ciències Socials
11%
62 390 - Terramelar
11%
C1 1959 - Blanqueria - Pare d'Òrfens
9%
24 2173 - Vicent Baldoví - Pintor Martí Girbés
9%
19 708 - Germanies - Sevilla
9%
35 1950 - Pere II el Cerimoniós - Luis Merelo y Mas
7%
6 1129 - Sant Doménec Savio - Josep Esteve
4%
92 1742 - Beat Juan Grande - Vicent la Roda
4%
No se encontraron pruebas coincidentes
Distribución de puntuación
Porcentaje de gente con cada puntuación
Porcentaje por número respondido
Historial de tus puntuaciones
No has intentado esta prueba.